[Event "NEP-ch Seniors 5th"]
[Site "Kathmandu"]
[Date "2022.11.05"]
[Round "1"]
[White "Shrestha, Bilam Lal"]
[Black "Tamrakar, Jaganath"]
[Result "1-0"]
[WhiteElo "1952"]
[BlackElo "1693"]
[PlyCount "105"]
[EventDate "2022.11.05"]
[EventType "swiss"]
[EventRounds "7"]
[EventCountry "NEP"]
[SourceTitle "CBM 211 Extra"]
[Source "ChessBase"]
[SourceDate "2023.01.31"]
[SourceVersion "1"]
[SourceVersionDate "2023.01.31"]
[SourceQuality "1"]

1. d4 d5 2. Nf3 Bf5 3. c4 c6 4. Nc3 e6 5. e3 Nf6 6. Bd3 Bxd3 7. Qxd3 Nbd7 8. 0-0 Bd6 9. e4 dxe4 10. Nxe4 Nxe4 11. Qxe4 Nf6 12. Qc2 h6 13. Bd2 0-0 14. Rad1 Qc7 15. Bc3 Rad8 16. Rfe1 b5 17. b3 a6 18. h3 Rd7 19. Qd2 Rfd8 20. Ba5 Qb8 21. Bxd8 Qxd8 22. Qe3 c5 23. Kh1 bxc4 24. bxc4 Bf8 25. Rd2 Qa5 26. Qe2 cxd4 27. Rxd4 Rb7 28. Red1 Rb8 29. Qe5 Qb6 30. c5 Bxc5 31. Qxb8+ Qxb8 32. Rd8+ Qxd8 33. Rxd8+ Kh7 34. Ne5 Bxf2 35. g4 Nd5 36. Nxf7 Nc3 37. Rd2 Bc5 38. Rc2 Bd4 39. Nd8 e5 40. Nc6 Kg6 41. Nxd4 exd4 42. Rd2 Kg5 43. a3 Nb1 44. Rd3 a5 45. a4 Kf4 46. Rxd4+ Kg3 47. Rd3+ Kh4 48. Kg2 h5 49. gxh5 Kxh5 50. Kf2 Kg5 51. Ke2 Kf4 52. Kd1 Ke4 53. Kc2 1-0

[Event "Dhaka Sheikh Russel op"]
[Site "Dhaka"]
[Date "2022.10.16"]
[Round "4.2"]
[White "Liyanage, Ranindu Dilshan"]
[Black "Shrestha, Bilam Lal"]
[Result "1-0"]
[WhiteElo "2310"]
[BlackElo "1949"]
[PlyCount "83"]
[EventDate "2022.10.13"]
[EventType "team-tourn"]
[EventRounds "5"]
[EventCountry "BAN"]
[SourceTitle "CBM 210 Extra"]
[Source "ChessBase"]
[SourceDate "2022.11.30"]
[SourceVersion "1"]
[SourceVersionDate "2022.11.30"]
[SourceQuality "1"]
[WhiteTeam "Sri Lanka"]
[BlackTeam "Nepal"]
[WhiteTeamCountry "SRI"]
[BlackTeamCountry "NEP"]

1. d4 Nf6 2. Nc3 d5 3. Bf4 c6 4. e3 Bf5 5. Nf3 Nbd7 6. Nh4 Bg6 7. Nxg6 hxg6 8. Bd3 e6 9. h3 Nh5 10. Bh2 f5 11. Ne2 Qb6 12. g4 Nhf6 13. Nf4 c5 14. Nxg6 Rxh3 15. gxf5 c4 16. fxe6 cxd3 17. exd7+ Nxd7 18. Nf4 dxc2 19. Qxc2 Bb4+ 20. Kf1 Rh6 21. Kg2 Qf6 22. Bg3 Nb6 23. Rxh6 gxh6 24. Qb3 Bd6 25. Nxd5 Nxd5 26. Qb5+ Ke7 27. Qxd5 Rd8 28. Qxb7+ Rd7 29. Qe4+ Kf7 30. Qf3 Bxg3 31. Kxg3 Rc7 32. Rh1 Qxf3+ 33. Kxf3 Kg6 34. Re1 Kg5 35. e4 h5 36. d5 Rf7+ 37. Ke3 h4 38. Rg1+ Kf6 39. f4 h3 40. e5+ Ke7 41. Kf3 Rh7 42. Rh1 1-0

[Event "Liwali Bhaktapur Cup"]
[Site "Liwali"]
[Date "2021.03.15"]
[Round "4.3"]
[White "Jaiswal, Rupesh"]
[Black "Shrestha, Bilam Lal"]
[Result "1-0"]
[WhiteElo "2115"]
[BlackElo "1959"]
[PlyCount "103"]
[EventDate "2021.03.13"]
[EventType "team-swiss"]
[EventRounds "7"]
[EventCountry "NEP"]
[SourceTitle "EXT 2022"]
[Source "ChessBase"]
[SourceDate "2021.10.06"]
[SourceVersion "1"]
[SourceVersionDate "2021.10.06"]
[SourceQuality "1"]
[WhiteTeam "Hetauda Sub Metropolitan City"]
[BlackTeam "Lalitpur Metropolitan City"]
[WhiteTeamCountry "NEP"]
[BlackTeamCountry "NEP"]

1. d4 Nf6 2. Bf4 d5 3. e3 e6 4. Nf3 Bd6 5. Bg3 Bxg3 6. hxg3 Nbd7 7. Nbd2 Qe7 8. c4 c6 9. Bd3 h6 10. Qc2 e5 11. cxd5 cxd5 12. Rc1 0-0 13. dxe5 Nxe5 14. Nxe5 Qxe5 15. Nf3 Qd6 16. Qc5 Qxc5 17. Rxc5 Bg4 18. Nd4 Rac8 19. Rxc8 Rxc8 20. Kd2 Bd7 21. f3 Kf8 22. g4 Kg8 23. Bf5 Rc7 24. Rc1 Rxc1 25. Kxc1 Kf8 26. Bxd7 Nxd7 27. Nf5 Nc5 28. Kd2 a6 29. Kc3 g6 30. Nxh6 Ne6 31. g5 Nxg5 32. Kd4 f5 33. Ke5 Kg7 34. Nxf5+ gxf5 35. Kxf5 Nh7 36. g4 Kf7 37. g5 Nf8 38. Ke5 Ng6+ 39. Kxd5 Nh4 40. f4 Ng2 41. Ke4 Kg6 42. Kf3 Ne1+ 43. Kg4 Nd3 44. f5+ Kf7 45. e4 Nxb2 46. g6+ Kg7 47. Kg5 Nc4 48. f6+ Kg8 49. Kf4 b5 50. e5 b4 51. e6 b3 52. e7 1-0

[Event "Asian Cities-chT"]
[Site "Dhaka"]
[Date "2019.07.16"]
[Round "8.6"]
[White "Shrestha, Bilam Lal"]
[Black "Kavinda, Akila"]
[Result "1-0"]
[WhiteElo "2021"]
[BlackElo "2010"]
[PlyCount "121"]
[EventDate "2019.07.10"]
[EventType "team-swiss"]
[EventRounds "9"]
[EventCountry "BAN"]
[SourceTitle "EXT 2020"]
[Source "ChessBase"]
[SourceDate "2019.10.17"]
[SourceVersion "1"]
[SourceVersionDate "2019.10.17"]
[SourceQuality "1"]
[WhiteTeam "Lalithpur"]
[BlackTeam "Colombo"]
[WhiteTeamCountry "NEP"]
[BlackTeamCountry "SRI"]

1. e4 g6 2. d4 Bg7 3. Be3 d6 4. Bc4 Nf6 5. f3 0-0 6. Nc3 c6 7. Bb3 e5 8. dxe5 dxe5 9. Qxd8 Rxd8 10. Nge2 Na6 11. Kf2 Re8 12. Rad1 Bf8 13. Nc1 Bc5 14. Nd3 Bxe3+ 15. Kxe3 Be6 16. Bxe6 Rxe6 17. Rd2 Re7 18. Rhd1 h5 19. h4 Kg7 20. a4 Nd7 21. b4 Nb6 22. Kf2 Nc4 23. Re2 Nc7 24. Rb1 Ne6 25. Nb2 Nxb2 26. Rxb2 Rd8 27. g3 Rd4 28. Nb1 Red7 29. c3 Rd1 30. Na3 R7d3 31. Rbc2 f6 32. Nc4 Rd7 33. a5 Kf7 34. Rcd2 Ke7 35. Rxd7+ Kxd7 36. Ne3 Rh1 37. Nf1 g5 38. Kg2 Rxf1 39. Kxf1 gxh4 40. gxh4 Nf4 41. Rd2+ Ke7 42. Kf2 Ng6 43. Ke3 Nf4 44. c4 Ne6 45. b5 c5 46. b6 a6 47. Rd5 Ke8 48. f4 Nxf4 49. Rxc5 Ne6 50. Rd5 Nd8 51. Rd6 Ke7 52. c5 Nf7 53. Rc6 Nd8 54. Rc7+ Ke6 55. Kd3 f5 56. Ke3 fxe4 57. Kxe4 Kf6 58. Rh7 Ne6 59. Rh6+ Kf7 60. Rxe6 Kxe6 61. c6 1-0

[Event "Olympiad-42"]
[Site "Baku"]
[Date "2016.09.13"]
[Round "11.4"]
[White "Shrestha, Bilam Lal"]
[Black "Abdulwahhab, Ahmed Abdulsattar"]
[Result "1/2-1/2"]
[WhiteElo "2017"]
[BlackElo "2236"]
[PlyCount "99"]
[EventDate "2016.09.02"]
[EventType "team-swiss"]
[EventRounds "11"]
[EventCountry "AZE"]
[SourceTitle "CBM 175"]
[Source "ChessBase"]
[SourceDate "2016.11.10"]
[SourceVersion "1"]
[SourceVersionDate "2016.11.10"]
[SourceQuality "1"]
[WhiteTeam "Nepal"]
[BlackTeam "Iraq"]
[WhiteTeamCountry "NEP"]
[BlackTeamCountry "IRQ"]

1. e4 c5 2. Nf3 e6 3. d4 cxd4 4. Nxd4 a6 5. c4 Nf6 6. Nc3 Qc7 7. Be2 Bb4 8. f3 Nc6 9. Nc2 Bd6 10. g3 h5 11. f4 h4 12. Rf1 hxg3 13. hxg3 g5 14. e5 Nxe5 15. fxe5 Bxe5 16. Qd3 Bxg3+ 17. Kd1 Bf4 18. Bxf4 gxf4 19. Ne4 Nxe4 20. Qxe4 Qd6+ 21. Ke1 Rh4 22. Rd1 f5 23. Qg2 Qe7 24. Rd3 Kd8 25. Qf2 e5 26. Rg1 Rh6 27. c5 Rc6 28. b4 Kc7 29. Rc3 d5 30. Rg8 Rb8 31. b5 axb5 32. Nb4 Be6 33. Rxb8 Kxb8 34. Nxc6+ bxc6 35. Rh3 d4 36. Qh4 Qxh4+ 37. Rxh4 Bxa2 38. Bd3 Be6 39. Rh6 Bd7 40. Rf6 e4 41. Bxe4 fxe4 42. Rxf4 d3 43. Kd2 Be6 44. Rxe4 Bc4 45. Kc3 Kc7 46. Rd4 Kc8 47. Kb4 Kc7 48. Ka5 Kb7 49. Rd7+ Kc8 50. Rd4 1/2-1/2

[Event "Asia Cup"]
[Site "Abu Dhabi"]
[Date "2016.03.30"]
[Round "3.1"]
[White "Shrestha, Bilam Lal"]
[Black "El Jawich, Amro"]
[Result "0-1"]
[WhiteElo "2026"]
[BlackElo "2241"]
[PlyCount "76"]
[EventDate "2016.03.28"]
[EventType "team-swiss"]
[EventRounds "9"]
[EventCountry "UAE"]
[SourceTitle "CBM 171 Extra"]
[Source "ChessBase"]
[SourceDate "2016.04.26"]
[SourceVersion "1"]
[SourceVersionDate "2016.04.26"]
[SourceQuality "1"]
[WhiteTeam "Nepal"]
[BlackTeam "Lebanon"]
[WhiteTeamCountry "NEP"]
[BlackTeamCountry "LBN"]

1. e4 c5 2. Nf3 d6 3. d4 cxd4 4. Nxd4 Nf6 5. Nc3 Nc6 6. Be2 e5 7. Nf3 h6 8. a3 Be6 9. 0-0 Be7 10. Qd3 0-0 11. Re1 d5 12. exd5 Nxd5 13. Nxd5 Bxd5 14. Rd1 Be6 15. Qxd8 Rfxd8 16. Be3 Bf6 17. Nd2 Nd4 18. Bd3 Rac8 19. Rac1 Bf5 20. Bxd4 Bxd3 21. cxd3 exd4 22. Nb3 Bg5 23. Rxc8 Rxc8 24. Nxd4 Bf6 25. Nb5 Bxb2 26. a4 a6 27. Nd6 Rc2 28. g4 Bd4 29. Ne4 b6 30. Rb1 a5 31. Rb5 Ra2 32. Rd5 Rxa4 33. Rd8+ Kh7 34. Rd7 Rb4 35. Rxf7 a4 36. Nd2 b5 37. Nf3 a3 38. Nxd4 Rxd4 0-1

[Event "Asia Cup"]
[Site "Abu Dhabi"]
[Date "2016.03.28"]
[Round "1.1"]
[White "Salem, AR Saleh"]
[Black "Shrestha, Bilam Lal"]
[Result "1-0"]
[WhiteElo "2615"]
[BlackElo "2026"]
[PlyCount "114"]
[EventDate "2016.03.28"]
[EventType "team-swiss"]
[EventRounds "9"]
[EventCountry "UAE"]
[SourceTitle "CBM 171 Extra"]
[Source "ChessBase"]
[SourceDate "2016.04.26"]
[SourceVersion "1"]
[SourceVersionDate "2016.04.26"]
[SourceQuality "1"]
[WhiteTeam "United Arab Emirates"]
[BlackTeam "Nepal"]
[WhiteTeamCountry "UAE"]
[BlackTeamCountry "NEP"]

1. e4 e5 2. Nf3 Nc6 3. Bc4 Nf6 4. d3 Bc5 5. c3 0-0 6. 0-0 d5 7. exd5 Nxd5 8. Re1 Bg4 9. Nbd2 Nb6 10. Bb5 Bd6 11. h3 Bh5 12. Ne4 f5 13. Ng3 Bxf3 14. Qxf3 Qd7 15. d4 exd4 16. Bxc6 Qxc6 17. Qxc6 bxc6 18. cxd4 a5 19. Bd2 Nc4 20. Bc3 a4 21. Rac1 Rab8 22. Rc2 Rb5 23. Nf1 Rfb8 24. Ne3 Nxb2 25. Bxb2 Rxb2 26. Rxc6 Re8 27. Ra1 a3 28. Rc3 g6 29. g3 Ra8 30. Nc4 Bb4 31. Rd3 Rc2 32. Ne3 Rd2 33. Rxd2 Bxd2 34. Nc2 Bc3 35. Rd1 Rd8 36. Rd3 Bb2 37. Nxa3 Bxd4 38. Kf1 c5 39. Nc2 Kf7 40. Nxd4 cxd4 41. Ke2 Ke6 42. Ra3 h5 43. Kd3 h4 44. gxh4 Rh8 45. Ra6+ Ke5 46. Rxg6 Ra8 47. f4+ Kxf4 48. Kxd4 Rxa2 49. h5 Rh2 50. h6 Rxh3 51. Kd5 Ke3 52. Ke6 f4 53. Kf7 f3 54. Re6+ Kf4 55. Rf6+ Ke3 56. Re6+ Kf4 57. Rf6+ Ke3 1-0

[Event "Asia Cities-ch 17th"]
[Site "Jakarta"]
[Date "2011.04.27"]
[Round "7.7"]
[White "Pourkashiyan, Atousa"]
[Black "Shrestha, Bilam Lal"]
[Result "1-0"]
[WhiteElo "2371"]
[BlackElo "2129"]
[PlyCount "35"]
[EventDate "2011.04.22"]
[EventType "team-swiss"]
[EventRounds "9"]
[EventCountry "INA"]
[SourceTitle "CBM 142 Extra"]
[Source "ChessBase"]
[SourceDate "2011.06.27"]
[SourceVersion "1"]
[SourceVersionDate "2011.06.27"]
[SourceQuality "1"]
[WhiteTeam "Mashhad"]
[BlackTeam "Kathmandu"]
[WhiteTeamCountry "IRI"]
[BlackTeamCountry "NEP"]

1. e4 d6 2. d4 Nf6 3. Nc3 Nbd7 4. Nf3 c5 5. Bc4 cxd4 6. Qxd4 a6 7. Be3 g6 8. Bxf7+ Kxf7 9. Ng5+ Kg8 10. Qc4+ d5 11. Nxd5 Ne5 12. Nxf6+ Kg7 13. Ne8+ Qxe8 14. Bd4 Kh6 15. Bxe5 Kxg5 16. Bxh8 e5 17. 0-0 Bd6 18. f4+ 1-0

[Event "Asia Cities-ch 17th"]
[Site "Jakarta"]
[Date "2011.04.26"]
[Round "6.10"]
[White "Shrestha, Bilam Lal"]
[Black "Wong, Meng Kong"]
[Result "1-0"]
[WhiteElo "2129"]
[BlackElo "2358"]
[PlyCount "91"]
[EventDate "2011.04.22"]
[EventType "team-swiss"]
[EventRounds "9"]
[EventCountry "INA"]
[SourceTitle "CBM 142 Extra"]
[Source "ChessBase"]
[SourceDate "2011.06.27"]
[SourceVersion "1"]
[SourceVersionDate "2011.06.27"]
[SourceQuality "1"]
[WhiteTeam "Kathmandu"]
[BlackTeam "Singapore"]
[WhiteTeamCountry "NEP"]
[BlackTeamCountry "SIN"]

1. e4 g6 2. d4 Bg7 3. Be3 c5 4. c3 Nf6 5. f3 d5 6. e5 Nfd7 7. Qd2 e6 8. h4 h5 9. Bd3 Nc6 10. Ne2 Ne7 11. Na3 a6 12. Bg5 Nb8 13. Nf4 Nbc6 14. Nc2 Qc7 15. Rc1 c4 16. Be2 Nf5 17. Ne3 Ng3 18. Rh3 Nxe2 19. Kxe2 Ne7 20. g4 hxg4 21. fxg4 Bh6 22. Bxh6 Rxh6 23. g5 Rh8 24. h5 Bd7 25. hxg6 Nxg6 26. Rxh8+ Nxh8 27. Rh1 0-0-0 28. Rh7 Rg8 29. Ng4 Qd8 30. Nh5 Rf8 31. Nh6 Be8 32. Nf6 Qe7 33. Nhg8 Rxg8 34. Nxg8 Qf8 35. Rxh8 Qg7 36. Ne7+ Kd8 37. Rxe8+ Kxe8 38. Nc8 Qh7 39. Nd6+ Kf8 40. Qf4 b6 41. Kf2 Qc2+ 42. Kg3 Qd3+ 43. Kh4 Qh7+ 44. Kg4 b5 45. Qf6 a5 46. g6 1-0

[Event "Asia Cities-ch 17th"]
[Site "Jakarta"]
[Date "2011.04.23"]
[Round "3.10"]
[White "Kadek, Iin Dwijayanti"]
[Black "Shrestha, Bilam Lal"]
[Result "1/2-1/2"]
[WhiteElo "1919"]
[BlackElo "2129"]
[PlyCount "160"]
[EventDate "2011.04.22"]
[EventType "team-swiss"]
[EventRounds "9"]
[EventCountry "INA"]
[SourceTitle "CBM 142 Extra"]
[Source "ChessBase"]
[SourceDate "2011.06.27"]
[SourceVersion "1"]
[SourceVersionDate "2011.06.27"]
[SourceQuality "1"]
[WhiteTeam "Pekanbaru"]
[BlackTeam "Kathmandu"]
[WhiteTeamCountry "INA"]
[BlackTeamCountry "NEP"]

1. e4 d6 2. d4 Nf6 3. Bd3 Nc6 4. c3 e5 5. d5 Ne7 6. Ne2 Bd7 7. 0-0 Ng6 8. Ng3 Be7 9. c4 0-0 10. Nf5 Bxf5 11. exf5 Nh8 12. Qf3 Nd7 13. Nc3 f6 14. Qg4 Nf7 15. Re1 Re8 16. Re3 Bf8 17. Ne4 Nc5 18. Nxc5 dxc5 19. Rh3 Qd7 20. Qh5 h6 21. Rg3 e4 22. Bc2 Re5 23. Bxh6 Qxf5 24. Qxf5 Rxf5 25. Bd2 Re8 26. Re1 Nd6 27. b3 b5 28. Bc3 Rf4 29. Rge3 f5 30. g3 Rg4 31. f3 Rg5 32. fxe4 fxe4 33. Bxe4 bxc4 34. bxc4 Rg4 35. Bd3 Rxe3 36. Rxe3 Nxc4 37. Re4 Rxe4 38. Bxe4 Bd6 39. Kf2 Nb6 40. Ke3 Kf7 41. Kf3 Na4 42. Ba1 c4 43. Bc2 Nb6 44. Ke4 Nd7 45. Bc3 Bc5 46. Bd1 Nf6+ 47. Ke5 Bg1 48. h3 Nd7+ 49. Kf4 Nb6 50. Ke4 Nd7 51. Kf4 Nf6 52. Bf3 Bc5 53. g4 Ne8 54. h4 Nd6 55. a4 Nb7 56. Be2 Bd6+ 57. Kf3 Be7 58. Bxc4 Nd6 59. Bd3 Bxh4 60. Bd4 Nc8 61. Bf5 Nb6 62. Be6+ Kf8 63. a5 Nc4 64. a6 Nb6 65. d6 Bd8 66. d7 Ke7 67. Bf5 Kf7 68. Bc2 Ke7 69. Bf5 g6 70. Bxg6 Kxd7 71. Be4 Kd6 72. Kf4 c5 73. Be5+ Kd7 74. Bb8 Bc7+ 75. Bxc7 Kxc7 76. g5 Kd6 77. Kf5 Ke7 78. Ke5 Nd7+ 79. Kd5 Nb8 80. Bd3 Kf7 1/2-1/2

[Event "Asia Cities-ch 17th"]
[Site "Jakarta"]
[Date "2011.04.23"]
[Round "2.6"]
[White "Shrestha, Bilam Lal"]
[Black "Al Huwar, Jasem"]
[Result "0-1"]
[WhiteElo "2129"]
[BlackElo "2334"]
[PlyCount "76"]
[EventDate "2011.04.22"]
[EventType "team-swiss"]
[EventRounds "9"]
[EventCountry "INA"]
[SourceTitle "CBM 142 Extra"]
[Source "ChessBase"]
[SourceDate "2011.06.27"]
[SourceVersion "1"]
[SourceVersionDate "2011.06.27"]
[SourceQuality "1"]
[WhiteTeam "Kathmandu"]
[BlackTeam "Abu Dhabi"]
[WhiteTeamCountry "NEP"]
[BlackTeamCountry "UAE"]

1. e4 c5 2. Nf3 d6 3. c4 Nf6 4. Nc3 g6 5. d4 cxd4 6. Nxd4 Bg7 7. Be2 0-0 8. Be3 Nc6 9. 0-0 Bd7 10. Rc1 Nxd4 11. Bxd4 Bc6 12. f3 Nd7 13. b4 b6 14. f4 e5 15. Be3 exf4 16. Bxf4 Ne5 17. Qd2 Rc8 18. Rfd1 f5 19. exf5 Rxf5 20. Bg3 Qe8 21. a3 a6 22. Qxd6 Nf7 23. Qd3 Rd8 24. Nd5 Bxd5 25. cxd5 Rfxd5 26. Qxa6 Rxd1+ 27. Rxd1 Rxd1+ 28. Bxd1 Bd4+ 29. Kf1 Qe3 30. Qa8+ Kg7 31. Qf3 Qg1+ 32. Ke2 Ng5 33. Qb7+ Kh6 34. Qe7 Qxg2+ 35. Kd3 Qd5 36. Kc2 Qc4+ 37. Kd2 Bc3+ 38. Ke3 Qd4+ 0-1

[Event "Asia rap (Men) 16th"]
[Site "Guangzhou"]
[Date "2010.11.16"]
[Round "9"]
[White "Gundavaa, Bayarsaihan"]
[Black "Shrestha, Bilam Lal"]
[Result "1-0"]
[WhiteElo "2472"]
[BlackElo "2138"]
[PlyCount "77"]
[EventDate "2010.11.13"]
[EventType "swiss (rapid)"]
[EventRounds "9"]
[EventCountry "CHN"]
[SourceTitle "EXT 2011"]
[Source "ChessBase"]
[SourceDate "2010.11.26"]
[SourceVersion "1"]
[SourceVersionDate "2010.11.26"]
[SourceQuality "1"]

1. d4 d6 2. c4 Nf6 3. Nf3 g6 4. Nc3 Bg7 5. e4 0-0 6. h3 Nbd7 7. Bd3 e5 8. d5 Re8 9. g4 Nc5 10. Bc2 a5 11. Bg5 Bd7 12. Qd2 Rb8 13. Be3 b5 14. Bxc5 dxc5 15. cxb5 Bxb5 16. Qe3 Bd7 17. 0-0-0 c4 18. Nd2 Qe7 19. a3 Rb7 20. Nxc4 Reb8 21. Rd2 Ne8 22. Bd1 Nd6 23. Nxa5 Rb6 24. h4 Ra8 25. Qc5 Bb5 26. Nc6 Qf6 27. g5 Qf4 28. Qe3 Bxc6 29. dxc6 Nc4 30. Qxf4 exf4 31. Rc2 Bf8 32. Be2 Nxb2 33. h5 Bxa3 34. Kd2 Rd8+ 35. Nd5 Be7 36. hxg6 hxg6 37. Ke1 Bxg5 38. Nxb6 f3 39. Rxb2 1-0

[Event "Asia rap (Men) 16th"]
[Site "Guangzhou"]
[Date "2010.11.16"]
[Round "8"]
[White "Shrestha, Bilam Lal"]
[Black "Moradiabadi, Elshan"]
[Result "0-1"]
[WhiteElo "2138"]
[BlackElo "2575"]
[PlyCount "96"]
[EventDate "2010.11.13"]
[EventType "swiss (rapid)"]
[EventRounds "9"]
[EventCountry "CHN"]
[SourceTitle "EXT 2011"]
[Source "ChessBase"]
[SourceDate "2010.11.26"]
[SourceVersion "1"]
[SourceVersionDate "2010.11.26"]
[SourceQuality "1"]

1. e4 c5 2. Nf3 e6 3. d4 cxd4 4. Nxd4 a6 5. Bd3 Nf6 6. 0-0 Qc7 7. Qe2 d6 8. c3 Nbd7 9. f4 b6 10. Nd2 Bb7 11. Bc2 e5 12. Nf5 g6 13. fxe5 dxe5 14. Ng3 Bg7 15. Nf3 0-0 16. Bg5 h6 17. Bxf6 Nxf6 18. Rad1 Rad8 19. h3 Nd7 20. Kh2 Nc5 21. Qe3 a5 22. Rxd8 Rxd8 23. Rd1 Rxd1 24. Bxd1 Qd6 25. Bc2 Qe6 26. b3 Qd6 27. Qd2 Qc7 28. h4 h5 29. Ng5 Bh6 30. b4 Bxg5 31. hxg5 axb4 32. cxb4 Ne6 33. Bb3 Nf4 34. Bd5 Ba6 35. a4 Bd3 36. a5 bxa5 37. bxa5 Qe7 38. Nh1 Bb5 39. g3 Ne2 40. Nf2 Qa3 41. Nh1 Qf3 42. Qe1 h4 43. Bb7 hxg3+ 44. Nxg3 Nf4 45. Qg1 Qg4 46. Kh1 Be2 47. Nxe2 Qf3+ 48. Kh2 Qh3# 0-1

[Event "Asia rap (Men) 16th"]
[Site "Guangzhou"]
[Date "2010.11.15"]
[Round "5"]
[White "Shrestha, Bilam Lal"]
[Black "Murshed, Niaz"]
[Result "0-1"]
[WhiteElo "2138"]
[BlackElo "2429"]
[PlyCount "126"]
[EventDate "2010.11.13"]
[EventType "swiss (rapid)"]
[EventRounds "9"]
[EventCountry "CHN"]
[SourceTitle "EXT 2011"]
[Source "ChessBase"]
[SourceDate "2010.11.26"]
[SourceVersion "1"]
[SourceVersionDate "2010.11.26"]
[SourceQuality "1"]

1. e4 e6 2. d4 d5 3. Nc3 Nf6 4. exd5 exd5 5. Bd3 Bg4 6. Nf3 Bc8 7. Ng1 Bg4 8. Nf3 Be7 9. 0-0 0-0 10. Re1 Nbd7 11. h3 Bh5 12. Bf4 c6 13. g4 Bg6 14. Ne5 Bxd3 15. Nf3 Bg6 16. Ne5 Bd3 17. Qxd3 Bb4 18. f3 Nxe5 19. Bxe5 Nd7 20. Bg3 Nb6 21. Re2 Bd6 22. Bxd6 Qxd6 23. Kg2 Rfe8 24. Rae1 Rxe2+ 25. Qxe2 Kf8 26. Qd3 Qg6 27. Qxg6 hxg6 28. b3 Nc8 29. Na4 b6 30. Nb2 Nd6 31. c4 Rd8 32. Rd1 Nb7 33. Re1 Nd6 34. Rd1 Nb7 35. Kf2 Ke7 36. b4 Nd6 37. c5 Nc4 38. Nd3 f6 39. Re1+ Kf7 40. Nf4 g5 41. Nd3 b5 42. Kg3 Na3 43. Rc1 Re8 44. Kf2 Re7 45. Ne1 Nc4 46. Nc2 Nb2 47. Ne1 a6 48. Rc2 Nd1+ 49. Kf1 Ne3+ 50. Kf2 Nxc2 51. Nxc2 Ra7 52. Ke3 Ra8 53. Kf2 Ra7 54. Ke3 Ra8 55. Kf2 Ke6 56. Kg3 a5 57. h4 axb4 58. hxg5 fxg5 59. Nxb4 Kd7 60. Nd3 Rxa2 61. Ne5+ Kc7 62. Nf7 b4 63. Nxg5 b3 0-1

[Event "Asia rap (Men) 16th"]
[Site "Guangzhou"]
[Date "2010.11.14"]
[Round "3"]
[White "Al Zendani, Zendan"]
[Black "Shrestha, Bilam Lal"]
[Result "1-0"]
[WhiteElo "2398"]
[BlackElo "2138"]
[PlyCount "81"]
[EventDate "2010.11.13"]
[EventType "swiss (rapid)"]
[EventRounds "9"]
[EventCountry "CHN"]
[SourceTitle "EXT 2011"]
[Source "ChessBase"]
[SourceDate "2010.11.26"]
[SourceVersion "1"]
[SourceVersionDate "2010.11.26"]
[SourceQuality "1"]

1. d4 d6 2. c4 Nf6 3. Nc3 g6 4. e4 Bg7 5. f3 Nbd7 6. Be3 a6 7. Qd2 e5 8. d5 h5 9. Nge2 b6 10. Nc1 Nc5 11. b4 Ncd7 12. Nb3 a5 13. bxa5 bxa5 14. Nb5 a4 15. Na5 Nc5 16. Qb4 Nfxe4 17. 0-0-0 Bh6 18. Bxh6 Rxh6 19. fxe4 Bd7 20. Nc6 Bxc6 21. dxc6 Kf8 22. Qd2 Kg7 23. Bd3 Rh8 24. Rhf1 Rf8 25. h3 Rb8 26. g4 h4 27. g5 Nxd3+ 28. Qxd3 Qxg5+ 29. Kc2 Rb6 30. Rg1 Qf4 31. Rg4 Qf2+ 32. Rd2 Qc5 33. Nxc7 Rfb8 34. Kd1 Rxc6 35. Nb5 Rd8 36. Rc2 Rb6 37. Nc3 Rb4 38. Nd5 Rb1+ 39. Ke2 Rdb8 40. Qf3 f5 41. Qxf5 1-0

[Event "Olympiad-39"]
[Site "Khanty-Mansiysk"]
[Date "2010.10.01"]
[Round "10.2"]
[White "Shrestha, Bilam Lal"]
[Black "Choi, Junil"]
[Result "1-0"]
[WhiteElo "2096"]
[BlackElo "1820"]
[PlyCount "75"]
[EventDate "2010.09.21"]
[EventType "team-swiss"]
[EventRounds "11"]
[EventCountry "RUS"]
[SourceTitle "CBM 139"]
[Source "ChessBase"]
[SourceDate "2010.11.18"]
[SourceVersion "1"]
[SourceVersionDate "2010.11.18"]
[SourceQuality "1"]
[WhiteTeam "Nepal"]
[BlackTeam "Korea"]
[WhiteTeamCountry "NEP"]
[BlackTeamCountry "KOR"]

1. e4 c5 2. Nf3 Nc6 3. Nc3 g6 4. Bc4 Bg7 5. 0-0 d6 6. d3 Nf6 7. h3 0-0 8. Be3 Re8 9. Qd2 e6 10. Bb3 Na5 11. Ba4 Bd7 12. Bxd7 Nxd7 13. Rad1 Qb6 14. b3 Qb4 15. Ne2 Nc6 16. c3 Qa3 17. Bf4 Nde5 18. Nxe5 Bxe5 19. Be3 Rad8 20. f4 Bg7 21. f5 exf5 22. exf5 gxf5 23. Rxf5 Re5 24. Rdf1 Rxf5 25. Rxf5 Ne7 26. Rf4 Qa6 27. Rg4 Ng6 28. Nf4 Ne5 29. Rg3 Kf8 30. Nh5 Bh8 31. Bg5 Rd7 32. Bh4 d5 33. Qf4 Qd6 34. Nf6 Bxf6 35. Bxf6 Ng6 36. Qh6+ Ke8 37. Re3+ Ne7 38. Qg7 1-0

[Event "Olympiad-39"]
[Site "Khanty-Mansiysk"]
[Date "2010.09.24"]
[Round "4.1"]
[White "Al Sulaiti, Ali"]
[Black "Shrestha, Bilam Lal"]
[Result "0-1"]
[WhiteElo "2134"]
[BlackElo "2096"]
[PlyCount "90"]
[EventDate "2010.09.21"]
[EventType "team-swiss"]
[EventRounds "11"]
[EventCountry "RUS"]
[SourceTitle "CBM 139"]
[Source "ChessBase"]
[SourceDate "2010.11.18"]
[SourceVersion "1"]
[SourceVersionDate "2010.11.18"]
[SourceQuality "1"]
[WhiteTeam "Bahrain"]
[BlackTeam "Nepal"]
[WhiteTeamCountry "BHN"]
[BlackTeamCountry "NEP"]

1. d4 d6 2. e4 Nf6 3. Nc3 Nc6 4. d5 Ne5 5. f4 Ng6 6. Nf3 e6 7. dxe6 fxe6 8. Bc4 c6 9. 0-0 d5 10. exd5 exd5 11. Re1+ Be7 12. Bd3 Bg4 13. h3 Bxf3 14. Qxf3 Kf7 15. Be3 Bd6 16. g4 Rf8 17. g5 Nd7 18. Nxd5 Kg8 19. Qg4 Nc5 20. Bxg6 hxg6 21. Nc3 Qc7 22. Rad1 Rae8 23. Kg2 Ne6 24. Ne2 Rf5 25. Nd4 Nxd4 26. Bxd4 Rxe1 27. Rxe1 Qf7 28. Qe2 Rxf4 29. Qe8+ Qxe8 30. Rxe8+ Kf7 31. Be5 Kxe8 32. Bxd6 Rd4 33. Be5 Rd2+ 34. Kf3 Rxc2 35. Bxg7 Kf7 36. Bc3 Ke6 37. a3 Kf5 38. Bf6 b5 39. Kg3 a5 40. Kf3 b4 41. axb4 axb4 42. Ke3 c5 43. Kd3 b3 44. h4 c4+ 45. Kd4 c3 0-1

[Event "Olympiad-39"]
[Site "Khanty-Mansiysk"]
[Date "2010.09.23"]
[Round "3.1"]
[White "Shrestha, Bilam Lal"]
[Black "Matamoros Franco, Carlos S"]
[Result "0-1"]
[WhiteElo "2096"]
[BlackElo "2542"]
[PlyCount "72"]
[EventDate "2010.09.21"]
[EventType "team-swiss"]
[EventRounds "11"]
[EventCountry "RUS"]
[SourceTitle "CBM 139"]
[Source "ChessBase"]
[SourceDate "2010.11.18"]
[SourceVersion "1"]
[SourceVersionDate "2010.11.18"]
[SourceQuality "1"]
[WhiteTeam "Nepal"]
[BlackTeam "Ecuador"]
[WhiteTeamCountry "NEP"]
[BlackTeamCountry "ECU"]

1. e4 e6 2. d4 d5 3. e5 c5 4. c3 Qb6 5. Bd3 Nc6 6. Nf3 cxd4 7. cxd4 Bd7 8. Bc2 Nb4 9. 0-0 Nxc2 10. Qxc2 Ne7 11. Nc3 Nf5 12. Rd1 Be7 13. Rd3 h6 14. g4 Nh4 15. Nxh4 Bxh4 16. Rh3 Be7 17. Be3 Rc8 18. Qe2 Rf8 19. Rd1 Rc4 20. f4 Qc6 21. Qf3 b5 22. f5 f6 23. exf6 Rxf6 24. Qg3 b4 25. g5 Rxf5 26. gxh6 gxh6 27. Qg8+ Rf8 28. Qg6+ Kd8 29. Ne2 Rc2 30. Re1 Rxb2 31. Bxh6 Rf6 32. Qg8+ Be8 33. Bg7 Rxe2 34. Rxe2 Qc1+ 35. Kg2 Qf1+ 36. Kg3 Rf3+ 0-1